Statistics for Current World Leaders

Click here to take the quiz!

General Stats

  • This quiz has been taken 63 times
  • The average score is 13 of 20

Answer Stats

leaderstate% Correct
Xi JinpingChina
96%
Raúl CastroCuba
96%
François HollandeFrance
92%
Angela MerkelGermany
92%
Justin TrudeauCanada
87%
Narendra ModiIndia
74%
Ali KhameneiIran
72%
Alexander LukashenkoBelarus
70%
Alexis TsiprasGreece
70%
Malcolm TurnbullAustralia
66%
Dilma RousseffBrazil
62%
Evo MoralesBolivia
58%
Cristina KirchnerArgentina
51%
Viktor OrbánHungary
51%
Haider Al-AbadiIraq
51%
Joko WidodoIndonesia
34%
Enda KennyIreland
34%
Ashraf GhaniAfghanistan
32%
Hun SenCambodia
32%
Michelle BacheletChile
30%

Score Distribution

Percentile by Number Answered

Percent of People with Each Score

Your Score History

You have not taken this quiz